HGGSP terminale - Histoire et mémoire - Statistiques

Statistiques générales
  • Ce quiz a été pris 207 fois
  • Le résultat moyen est 19 sur 136
Statistiques - réponses
Hint Réponse % Correct
Quel grand résistant français est mort sous ses coups? Jean Moulin
52%
Comment appelle t-on les français vivant en Algérie? Les pieds-noirs
52%
Quelles sont les dates de la Guerre d'Algérie? (AAAA-AAAA) 1954-1962
51%
Quel peuple est victime du deuxième génocide du XXe? Le peuple arménien
49%
En quelle année a lieu le génocide rwandais? 1994
48%
Comment appelle t-on les algériens en faveur de l'Algérie française? Les Harkis
47%
Comment s'appelle "le boucher de Lyon", responsable de la déportation de près de 14000 personnes et d'atroces actes de torture? Klaus Barbie
46%
Quel pays en est responsable? L'Allemagne
46%
Que signifie le sigle FLN? Front de Libération National
43%
Quel pays a pour colonie le Rwanda avant son indépendance en 1962? La Belgique
42%
Quels tribunaux le dirigeant du Rwanda réactive t-il? Les tribunaux gacaca
42%
Quand ouvre le TPIY? (AAAA) 1993
35%
Que signifie le sigle TPIR? Tribunal Pénal International pour le Rwanda
35%
Quel film long de neuf heures ne montre que des témoignages et pas une seule image d'archive? Shoah
34%
Quelle ethnie souhaite faire de la Yougoslavie une "Grande ..."? Les Serbes
32%
Qui définit "génocide"? Raphael Lemkin
32%
Quelle ville est tristement célèbre pour son massacre de 8000 hommes et enfants? Srebrenica
32%
Témoignage: quel livre paraît en 1947 et rencontre un immense succès malgré sa publication posthume de son autrice? Le journal d'Anne Frank
32%
Comment s'appelle le déni de crimes majeurs ou génocides, souvent employé pour désigner la Shoah? Le négationnisme
31%
En quelle année le terme devient-il officiel? 1948
30%
Quel livre paraît la même année, écrit par Primo Levi, mais ne se popularise qu'à partir de 1961? Si c'est un homme
30%
Dans quel pays a lieu le premier génocide du XXe siècle? En Namibie
29%
En quelle année prend-il fin? 2017
28%
Dans quelle ville se trouve le seul monument en l'honneur des morts de cette guerre? À Alger
28%
Quand voit le jour la Cour Pénale Internationale? (AAAA) 2002
27%
Que lui arrive t-il? Il est assassiné
26%
En quelle année le terme de "guerre" est-il employé pour la première fois? 1999
25%
En quelle année? 2002
25%
Comment est surnommée la Première Guerre Mondiale durant l'entre-deux-guerres? La Grande Guerre
25%
Quel roman graphique d'Art Spiegelman paru en 1980 animalise les Juifs et les nazis? Maus
25%
Qui en est le réalisateur? Claude Lanzmann
24%
Sur quelle période? (AAAA-AAAA) 1904-1908
23%
Combien de morts sont estimés? 800000
23%
Que signifie le sigle OAS? Organisation de l'armée secrète
23%
Comment est surnommée la guerre d'Algérie côté français? Les évènements d'Algérie, les opérations de maintien de l'ordre en Algérie
22%
Quel historien écrit "L'histoire rassemble, les mémoires divisent"? Pierre Nora
22%
Combien de temps dure le génocide? 100 jours
21%
Qui est le président français présent? Charles de Gaulle
20%
Quel est son nom? Yad Vashem
20%
Qui devient le dirigeant du Rwanda après le génocide, et y reste aujourd'hui? Paul Kagame
19%
Comment s'appellent les troupes nazies chargées d'éliminer les Juifs lors de l'opération Barbarossa? Les Einsatzgruppen
18%
Qui est accusé en 1998 de collaboration, en particulier pour l'organisation de la déportation Juive à Bordeaux? Maurice Papon
18%
Quel film Steven Spielberg réalise sur la Shoah en 1993? La liste de Shindler
17%
Quel peuple est victime du quatrième? Les Tutsis
16%
Dans quelle ville a lieu un massacre où des Juifs étaient entassés dans une église ensuite brûlée, qui n'a jamais été reconstruite pour servir de lieu de mémoire? Oradour-sur-Glane
16%
Quel téléfilm paru aux États-Unis parle de la Shoah et rencontre un succès fou, si bien que plus d'un étatsunien sur deux l'a vu lors de sa diffusion en 1978? Holocaust
16%
L'histoire est souvent biaisée: laquelle raconte t-on? Celle des vainqueurs vainqueurs
15%
Qui en est le bourreau? L'Empire Ottoman
15%
Quels sont les peuples victimes de ce génocide? (2) Les Héréro et les Namas
15%
Qui en est le bourreau? Les Hutus
15%
Citez un film comique sur la Shoah (2 réponses possibles) Train de vie, Radu Mihaileanu (1998) ou La vie est belle, Roberto Benigni
15%
En quelle année sort cet ouvrage? 1944
14%
En quelle année est créé un mémorial de la Shoah à Jérusalem? 1957
14%
Quand est signé le traité de Versailles? (JJ/MM/AAAA) 28.06.1919
13%
Quel film de Roman Polanski de 2002 parle d'un Juif échappant de justesse à la déportation après sa vie au ghetto de Varsovie? Le pianiste
13%
En quel année l'état français reconnait sa participation dans la Shoah? 1995
12%
Qui est le dirigeant du Rwanda au début de cette année? Juvénal Habyarimana
12%
Quel mouvement est complètement passé sous silence dans la "mémoire nationale algérienne"? Le Mouvement National Algérien ou MNA
12%
Comment se nomme le président de la Serbie durant cette guerre? Slobodan Milosevic
12%
Comment s'appelle le livre de Christopher Clark, paru en 2013, dans lequel il dit que l'Allemagne était responsable de la PGM mais que personne n'a rien fait pour l'en empêcher? Les somnambules
12%
En quelle année est votée une loi d'amnistie envers ce groupe? 1962
11%
Combien de personnes ont-ils jugé? 2 millions
11%
Qui est le président français présent? François Mitterand
11%
Comment est-il surnommé? Le boucher des Balkans ou le boucher de Srebrenica
11%
Quand a lieu l'accord de réconciliation politique à l'Elysée entre la France et l'Allemagne? (AAAA) 1963
10%
Quand a lieu la poignée de main de réconciliation mémorielle au mémorial de Verdun? (AAAA) 1984
10%
Quel historien né en 1956, fils de pieds-noirs, travaille sur l'invisibilisation de la guerre d'Algérie? Benjamin Stora
10%
Quel juriste britannique définit "crime contre l'humanité"? Hersch Lauterpacht
10%
Quel nom est donné aux femmes coréennes et chinoises prostituées pendant l'occupation nippone entre 1937 et 1945? Les femmes de réconfort
10%
Qui est le chef militaire chargé du massacre de la ville citée plus haut? Ratko Mladic
10%
Quel film de László Nemes de 2015 raconte l'histoire d'un sonderkommando qui pense reconnaître son fils? Le fils de Saul
10%
Quel évènement vient placer le Japon en victime et fait "oublier" tous ses crimes de guerres passés? Le bombardement nucléaire de Hiroshima et de Nagasaki
9%
Qui écrit Les origines immédiates de la guerre en 1925? Pierre Renouvin
9%
Combien de ces tribunaux ont-ils été créés? 12000
8%
Sur quelle période s'étendent les guerres d'ex-Yougoslavie? (AAAA-AAAA) 1991-2001
8%
Combien de personnes juge t-il? 93
8%
"Un historien ne ... pas l'histoire" juge
8%
Quelle nom est donné à cette justice? La justice transitionnelle
8%
Quelle épidémie fait ravage en même temps que le génocide et contribue à la mort d'environ 50000 personnes? Le choléra
8%
Qui en était son dirigeant? Messali Hadj
8%
Combien de personnes jugent-ils? 161
7%
En quelle année parle t-on des "évènements d'Algérie" pour la première fois? 1983
7%
Quel film de Gillo Pontecorvo sort en 1966, mais provoque des émeutes de groupes de l'extrême-droite devant les salles de cinéma, pour ne ressortir définitivement qu'en 2004? La bataille d'Alger
7%
Quelle est la fin officielle de la guerre? (JJ/MM/AAAA) 19.03.1962
6%
Combien de morts les historiens des autres pays estiment plutôt? 300000
6%
Combien de personnes y sont condamnées? 61
6%
À quel phénomène (néologisme) est confronté Auschwitz aujourd'hui? (cf. cours sur le patrimoine) À la disneylandisation: les touristes prennent des selfies sans considération pour l'atrocité du lieu
6%
Qu'est-il arrivé aux statues en son honneur dans la ville? Elles ont été déboulonnées
6%
Il est condamné à mort en 1946 et s'évade ensuite; quel président lui accorde la grâce en 1942? Georges Pompidou
6%
Comment est-il surnommé en Allemagne? Le diktat de Versailles
6%
Quel massacre a lieu en décembre 1944, dans lequel des tirailleurs sénégalais réclamaient leur paye, et ont été massacrés pour "mutinerie"? Le massacre de Thiaroye
6%
Qui est le président de la république des Serbes de Bosnie? Radovan Karadzic
6%
Combien sont condamnés? 90
5%
Qui est le chancelier allemand présent? Helmut Kohl
5%
Comment est surnommée la guerre d'Algérie côté algérien? La guerre de libération nationale ou la guerre d'indépendance nationale
5%
Quels peuples sont victime du troisième? (2) Les Juifs et les Tziganes
5%
Quel historien algérien, venu travailler en France, affirme qu'il y a un "contrôle des mémoires" en Algérie? Mohammed Harbi
5%
Quel livre écrit Fritz Fischer en 1961, dans lequel il dit que l'Allemagne a souhaité les deux guerres mondiales? Les buts de guerre de l'Allemagne impériale
5%
Quelles sont les dates du génocide? (JJ/MM/AAAA-JJ/MM/AAAA) 07.04.1994-17.07.1994
4%
Comment appelle t-on ce genre de films mettant en scène le nazisme dans un but pornographique? La nazisploitation ou nazi porn
4%
Où vient Angela Merkel, chancelière allemande, à l'occasion du centenaire de l'armistice le 11 novembre 2018? À Rethondes
3%
Quelle est sa caractéristique unique (un mot exact; indice: oubli)? "Imprescriptible"
3%
Quel degré de barbarie atteint-il? (mot exact) "Inhumain"
3%
À quelle guerre attribuait-on ce nom avant? La Guerre de trente ans
3%
Quel historien contemporain de la guerre d'Algérie se spécialise dans l'histoire de la torture? Pierre Vidal-Naquet
3%
De quel explorateur esclavagiste l'ex-maire de Chicago Lori Lighfoot déboulonne t-elle les statues? Christophe Colomb
2%
Pour définir ce terme: contre quelle population s'adresse t-il? Contre la population civile
2%
Qui est le chef de la SS, accusé d'avoir organisé la Shoah? Heinrich Himmler
2%
Quel historien refuse de témoigner lors de son procès? Henri Rousso
2%
Quel roman de Patrick Modiano, prix Nobel de littérature, est à mi-chemin entre la fiction et le témoignage? Dora Bruder
2%
Comment définit-on une préparation à la guerre et à son déclenchement? Un crime contre la paix
2%
Quel jour est commémoré en Algérie? (JJ/MM) 05.07
1%
Quel jour est commémoré en France? (JJ/MM) 17.10
1%
Qui est le chancelier allemand présent? Konrad Adenauer
1%
Quel conflit, de 1899 à 1902, se caractérise par une forte violence dans les parties civiles, allant jusqu'à la construction de camps de concentration? La Guerre des Boers en Afrique du Sud
1%
Comment appelle t-on l'étude du nom donné aux rues? L'odonymie
1%
Quel historien contemporain de la guerre d'Algérie se spécialise dans l'histoire des pieds-noirs? Pierre Nora
1%
Comment est-il effectué? (mot exact) "Systématiquement"
1%
Dans quel ouvrage? Axis rule in occupied Europe
1%
Quel film d'animation est récompensé au festival de Cannes en 2024? La plus précieuse des marchandises, Michel Hazanavicius
1%
Quel est le premier ouvrage de fiction à traiter la Shoah, écrit par André Schwarz-Bart en 1959? Le dernier des justes
1%
Comment définit-on une attaque sur un objectif non-militaire? Un crime de guerre
1%
Combien de morts l'Algérie prétend-elle qu'il y a eu lors de la guerre? Un million et demi
1%
Quelle exposition au Japon de 2019 présente une statue d'une de ces femmes, et à cause de la pression sociale est contrainte de fermer en un jour? "Après la liberté d'expression?"
0%
Quel était le rôle de Paul Touvier durant la Seconde Guerre Mondiale? Chef de milice (coupable de torture, viol et assassinat de résistants)
0%
Il est important de faire l'histoire face à la ... des mémoires concurrence
0%
Quel esclavagiste a fortement participé à la croissance de la ville de Bristol au Royaume-Uni, figure aujourd'hui controversée? Edward Colston
0%
Quelle expression est utilisée pour parler du peuple qui se serait "uni face à l'occupation française"? Le "peuple en armes"
0%
De quel massacre de la Shoah reste t-il la seule vidéo? Liepaja en Lettonie
0%
Quels mots (2) aux sonorités similaires peuvent être utilisés pour décrire la mémoire? Partiale et partielle
0%
Qui est la ministre de la famille et de la promotion féminine au Rwanda durant le génocide, et libère massivement des criminels inculpés pour viol (parfois porteurs du VIH)? Pauline Nyiramasuhuko
0%
Comment s'appelle le certificat de "dénazification" accordé à de nombreux nazis durant les procès de Nuremberg? Persilschein, du nom de la lessive allemande "persil"
0%
Quel appel retentit à la radio, appelant au génocide? "Prenez vos machettes et abattez les grands arbres"
0%
Quel film de 1975 réalisé par Don Edmonds met en scène une nazie dans un but quasi-pornographique? Isla, la louve des SS
0%
Quel est le nom de son ouvrage? La gangrène et l'oubli
0%
Comment appelle t-on le "retour des mémoires", lorsque l'on parle d'un évènement après qu'il ait été mis sous silence pendant un moment? Une anamnèse
0%
Aucun quiz correspondant
Distribution des résultats
% des personnes avec chaque résultat
Percentile par nombre de réponses
Votre historique - résultats
Vous n’avez pas pris ce quiz